00860nam a2200241 i 4500001000300000245014200003260004300145300003100188504001400219650003300233655003000266700002300296020001500319040000800334041000800342080002600350920001800376942000700394008004100401999001700442856009800459952006100557bg10a"Profile deutsch" :bLernzielbestimmungen, Kannbeschreibungen, Kommunikative Mittel, Niveau A1, A2, B1, B2 /cManuela Glaboniat [et al.]. aBerlin [etc.] :bLangenscheidt,c2003. a168 s. ;c28 cm +eCD ROM. aBibliogr. 9aJęzyk niemieckixnauczanie aPodręczniki akademickie1 aGLABONIAT, Manuela a3468494637 cBPK0 ager a372.881.111.22(075.8) a3-468-49463-7 cKS s pl f |000 0 pol  c45330d45330 uhttp://koha.tu.koszalin.pl/cgi-bin/koha/opac-detail.pl?biblionumber=45330yKatalog online BPK 00104070aBPKbBPKcwo73776p02213668s2025-11-06yKS